Ram vijaya nat : (Record no. 2626)

MARC details
000 -LEADER
fixed length control field 00559cam a2200205ua 4500
001 - CONTROL NUMBER
control field 2779
005 - DATE AND TIME OF LATEST TRANSACTION
control field 20260515113555.0
008 - FIXED-LENGTH DATA ELEMENTS--GENERAL INFORMATION
fixed length control field 120130n ii |||gr||||Z||||||asm
040 ## - CATALOGING SOURCE
Transcribing agency MAIN
082 ## - DEWEY DECIMAL CLASSIFICATION NUMBER
Classification number 891.4512
100 ## - MAIN ENTRY--PERSONAL NAME
Personal name Madhavadeva,
Relator term Author.
245 11 - TITLE STATEMENT
Title Ram vijaya nat :
Remainder of title cordhara and pimpara gucowa jhumura /
Statement of responsibility, etc. by Madhavadeva
250 ## - EDITION STATEMENT
Edition statement 1st.
260 ## - PUBLICATION, DISTRIBUTION, ETC.
Place of publication, distribution, etc. Dibrugarh:
Name of publisher, distributor, etc. students emporium,993.
300 ## - PHYSICAL DESCRIPTION
Extent 88p:
Dimensions 23cm.
653 ## - INDEX TERM--UNCONTROLLED
Uncontrolled term Assamese drama
653 ## - INDEX TERM--UNCONTROLLED
Uncontrolled term Ram vijaya nat
700 ## - ADDED ENTRY--PERSONAL NAME
Personal name Goswami, Kesavananda deva,
Relator term Editor.
942 ## - ADDED ENTRY ELEMENTS (KOHA)
Koha item type Books
Holdings
Withdrawn status Lost status Damaged status Not for loan Home library Current library Shelving location Date acquired Total checkouts Full call number Barcode Date last seen Copy number Price effective from Koha item type Date last checked out
        Naharkatiya College Library Naharkatiya College Library General stacks 09/19/2020   891.4512 | MAD 8691 09/19/2020 5 09/19/2020 Books  
        Naharkatiya College Library Naharkatiya College Library General stacks 09/19/2020   891.4512 | MAD 8692 09/19/2020 2 09/19/2020 Books  
        Naharkatiya College Library Naharkatiya College Library General stacks 09/19/2020   891.4512 | MAD 8693 09/19/2020 1 09/19/2020 Books  
        Naharkatiya College Library Naharkatiya College Library General stacks 09/19/2020   891.4512 | MAD 8694 09/19/2020 4 09/19/2020 Books  
        Naharkatiya College Library Naharkatiya College Library General stacks 09/19/2020 1 891.4512 | MAD 8695 12/17/2021 3 09/19/2020 Books 12/01/2021